000 00905nac a22002891i 4500
003 EG-ScBUE
005 20260302100915.0
008 150827s2003 ii a f 001 0 eng d
020 _a8178081601
020 _a9788178081601
040 _aEG-ScBUE
_beng
_erda
_cEG-ScBUE
_dEG-ScBUE
082 0 4 _a515
_bTHO
_222
100 1 _aThomas, George B.,
_eauthor.
245 1 0 _aCalculus and analytic geometry /
_cGeorge B. Thomas Jr., Ross L. Finney.
250 _aNinth edition.
264 1 _aNew Delhi :
_bPearson Education,
_c2003.
300 _a1 volume (various pagings) :
_billustrations ;
_c25 cm
336 _2rdacontent
_atext
_btxt
337 _aunmediated
_2rdamedia
_bn
338 _avolume
_bnc
_2rdacarrier
500 _aIncludes index.
650 7 _aCalculus.
_2BUEsh
653 _bENGGEN
_cAugust2015
655 _vReading book
700 1 _aFinney, Ross L.
_d1914-
_eauthor.
942 _cBB
_2ddc
999 _c1244
_d1244